Catálogo
 En Linea

Perfiles estadísticos provinciales : (Registro nro. 48182)

Detalles MARC
000 -CABECERA
campo de control de longitud fija 01937nam a2200385 i 4500
001 - NÚMERO DE CONTROL
campo de control 000048694
003 - IDENTIFICADOR DEL NÚMERO DE CONTROL
campo de control DO-SdBNP
005 - FECHA Y HORA DE LA ÚLTIMA TRANSACCIÓN
campo de control 20250221073755.0
007 - CAMPO FIJO DE DESCRIPCIÓN FÍSICA--INFORMACIÓN GENERAL
campo de control de longitud fija ta
008 - DATOS DE LONGITUD FIJA--INFORMACIÓN GENERAL
campo de control de longitud fija 100407s2015 dr ad 000 0 spa d
020 ## - NÚMERO INTERNACIONAL ESTÁNDAR DEL LIBRO
Número Internacional Estándar del Libro 9789945898477
040 ## - FUENTE DE LA CATALOGACIÓN
Centro catalogador/agencia de origen DO-SdBNP
Lengua de catalogación spa
Centro/agencia transcriptor BNPHU
Normas de descripción rda
082 #4 - NÚMERO DE LA CLASIFICACIÓN DECIMAL DEWEY
Número de clasificación 317.72936
Número de documento/Ítem P438es, 2015
Número de edición 22
110 1# - ENTRADA PRINCIPAL--NOMBRE DE ENTIDAD CORPORATIVA
Nombre de entidad corporativa o nombre de jurisdicción como elemento de entrada República Dominicana.
Unidad subordinada Oficina Nacional de Estadística
9 (RLIN) 5775
245 10 - MENCIÓN DE TÍTULO
Título Perfiles estadísticos provinciales :
Resto del título regiones Cibao Sur-Nordeste /
Mención de responsabilidad, etc. recopilación Juan Bely Polanco Santos, Nancy Mora Alcántara, Laudys Ortiz
264 #1 - PRODUCCIÓN, PUBLICACIÓN, DISTRIBUCIÓN, FABRICACIÓN Y COPYRIGHT
Producción, publicación, distribución, fabricación y copyright Santo Domingo :
Nombre del de productor, editor, distribuidor, fabricante ONE,
Fecha de producción, publicación, distribución, fabricación o copyright 2015.
300 ## - DESCRIPCIÓN FÍSICA
Extensión 196 páginas
Otras características físicas ilustraciones, diagramas
Dimensiones 28 cm.
336 ## - TIPO DE CONTENIDO
Fuente rdacontent
Término de tipo de contenido texto
Código de tipo de contenido txt
337 ## - TIPO DE MEDIO
Fuente rdamedia
Nombre/término del tipo de medio sin mediación
Código del tipo de medio n
338 ## - TIPO DE SOPORTE
Fuente rdacarrier
Nombre/término del tipo de soporte volumen
Código del tipo de soporte nc
505 0# - NOTA DE CONTENIDO CON FORMATO
Título Región Cibao Sur --
-- La Veta --
-- Monseñor Noel --
-- Sánchez Ramírez --
-- Región Cibao Nordeste --
-- Duarte --
-- Hermanas Mirabal --
-- María Trinidad Sánchez --
-- Samaná
590 ## - NOTA LOCAL (RLIN)
Nota local Inventariado,2019/VM
651 #4 - PUNTO DE ACCESO ADICIONAL DE MATERIA--NOMBRE GEOGRÁFICO
Nombre geográfico República Dominicana
Subdivisión general Población
Subdivisión de forma Estadísticas
9 (RLIN) 64617
651 #4 - PUNTO DE ACCESO ADICIONAL DE MATERIA--NOMBRE GEOGRÁFICO
Nombre geográfico Concepción de La Vega (República Dominicana)
Subdivisión general Condiciones económicas
Subdivisión de forma Estadísticas
9 (RLIN) 76146
651 #4 - PUNTO DE ACCESO ADICIONAL DE MATERIA--NOMBRE GEOGRÁFICO
Nombre geográfico Monseñor Nouel (República Dominicana)
Subdivisión general Condiciones sociales
Subdivisión de forma Estadísticas
9 (RLIN) 76147
651 #4 - PUNTO DE ACCESO ADICIONAL DE MATERIA--NOMBRE GEOGRÁFICO
Nombre geográfico Duarte (República Dominicana)
Subdivisión general Población
Subdivisión de forma Estadísticas
9 (RLIN) 76148
651 #4 - PUNTO DE ACCESO ADICIONAL DE MATERIA--NOMBRE GEOGRÁFICO
Nombre geográfico Hermanas Mirabal (República Dominicana)
Subdivisión general Condiciones económicas
Subdivisión de forma Estadísticas
9 (RLIN) 76149
651 #4 - PUNTO DE ACCESO ADICIONAL DE MATERIA--NOMBRE GEOGRÁFICO
Nombre geográfico María Trinidad Sánchez (República Dominicana{Rpara}
Subdivisión general Condiciones sociales
Subdivisión de forma Estadísticas
9 (RLIN) 76150
651 #4 - PUNTO DE ACCESO ADICIONAL DE MATERIA--NOMBRE GEOGRÁFICO
Nombre geográfico Santa Bárbara de Samaná (República Dominicana)
Subdivisión general Población
Subdivisión de forma Estadísticas
9 (RLIN) 76151
700 ## - PUNTO DE ACCESO ADICIONAL--NOMBRE DE PERSONA
Nombre de persona Polanco Santos, Juan Bely
9 (RLIN) 5774
Término indicativo de función/relación recopilador
700 ## - PUNTO DE ACCESO ADICIONAL--NOMBRE DE PERSONA
Nombre de persona Mora Alcántara, Nancy
Término indicativo de función/relación recopilador
9 (RLIN) 84824
700 ## - PUNTO DE ACCESO ADICIONAL--NOMBRE DE PERSONA
Nombre de persona Ortiz, Laudys
Término indicativo de función/relación recopilador
9 (RLIN) 84825
910 ## - DATOS DE OPCIÓN DEL USUARIO (OCLC)
Datos de opción del usuario Validado. Control de calidad MFF
942 ## - ELEMENTOS DE PUNTO DE ACCESO ADICIONAL (KOHA)
Fuente del sistema de clasificación o colocación Dewey Decimal Classification
Tipo de ítem Koha Libro
Existencias
Estado de retiro Estado de pérdida Fuente del sistema de clasificación o colocación Restricciones de uso No para préstamo Código de colección Localización permanente Ubicación/localización actual Ubicación en estantería Fecha de adquisición Número de inventario Total de préstamos Signatura topográfica completa Código de barras Fecha visto por última vez Precio válido a partir de Tipo de ítem Koha Número de copia
    Dewey Decimal Classification Excluido de préstamo   Patrimonio Dominicano Biblioteca Nacional Pedro Henríquez Ureña Biblioteca Nacional Pedro Henríquez Ureña Depósito 10.04.2019 LF1   BNPHU PD 317.72936 P438es, 2015 48694-10 25.06.2020 25.06.2020 Libro  
    Dewey Decimal Classification Excluido de préstamo   Patrimonio Dominicano Biblioteca Nacional Pedro Henríquez Ureña Biblioteca Nacional Pedro Henríquez Ureña Depósito 10.04.2019 LF1   BNPHU PD 317.72936 P438es, 2015 48694-20 25.06.2020 25.06.2020 Libro e. 2
    Dewey Decimal Classification Préstamo en sala   Dominicana de Servicio Biblioteca Nacional Pedro Henríquez Ureña Biblioteca Nacional Pedro Henríquez Ureña Depósito 10.04.2019 LF1   BNPHU DS 317.72936 P438es, 2015 48694-30 25.06.2020 25.06.2020 Libro e. 3
    Dewey Decimal Classification Préstamo en sala   Dominicana de Servicio Biblioteca Nacional Pedro Henríquez Ureña Biblioteca Nacional Pedro Henríquez Ureña Depósito 10.04.2019 LF1   BNPHU DS 317.72936 P438es, 2015 2024-0748 06.02.2024 25.06.2020 Libro e. 4

Con tecnología Koha